00578nam a2200193Ia 4500001001000000003000500010008004100015010001100056040000900067082001700076100002800093245010000121260003800221300001100259440003900270650002900309650002700338700001900365Para_2259CHAP220125s1994 xx 000 0 und d a200842 cCHAP aPA 635.04 S4 aSharp, Jennifer L., ed. aQuarantine treatments for pests of food plantas /c ed. by Jennifer L. Sharp and Guy J. Halman aBoulder, Col. :b Westview press a290 p. aWestview studies in insect biology aPlantas x comestibles  aPlantas x cuarentena aHalman, Guy J.